Statistics for Film directors

Click here to take the quiz!

General Stats

  • This quiz has been taken 27 times
  • The average score is 16 of 27

Answer Stats

Film Director % Correct
JawsSteven Spielberg
100%
Pulp FictionQuentin Tarantino
96%
Star Wars: A New HopeGeorge Lucas
92%
PsychoAlfred Hitchcock
92%
TitanicJames Cameron
92%
ArgoBen Affleck
75%
American SniperClint Eastwood
75%
Edward ScissorhandsTim Burton
75%
2001: A Space OdysseyStanley Kubrick
71%
The Dark KnightChristopher Nolan
71%
TransformersMichael Bay
67%
Spider-ManSam Raimi
67%
Jay and Silent Bob Strike BackKevin Smith
63%
Ocean's ElevenSteven Soderbergh
58%
The Disaster ArtistJames Franco
54%
GlassM. Night Shyamalan
54%
The RoomTommy Wiseau
50%
The AvengersJoss Whedon
46%
Guardians of the GalaxyJames Gunn
42%
Wonder WomanPatty Jenkins
38%
The InterviewSeth Rogen
33%
GodzillaGareth Edwards
33%
Casino RoyaleMartin Campbell
33%
Jurassic WorldColin Trevorrow
29%
The Bourne IdentityDoug Liman
29%
I am LegendFrancis Lawrence
21%
American PsychoMary Harron
21%

Score Distribution

Percentile by Number Answered

Percent of People with Each Score

Your Score History

You have not taken this quiz